Les enfoirés 2023 - Les artistes - Statistiques

Statistiques générales
  • Ce quiz a été pris 88 fois
  • Le résultat moyen est 21 sur 48
Statistiques - réponses
Nombre de
participation
Artiste % Correct
30 Mimie Mathy
80%
25 Patrick Fiori
75%
9 Zaz
72%
27 Zazie
70%
20 Jenifer
69%
31 Patric Bruel
69%
18 Amel Bent
68%
18 Garou
62%
4 Slimane
62%
3 Vitaa
59%
16 Nolwenn Leroy
58%
24 Michèle Laroque
55%
3 Vianney
54%
14 Christophe Maé
52%
6 Elodie Fontan
52%
6 Phillipe Lacheau
52%
9 Sébastien Chabal
52%
6 Amir
51%
5 Claudio Capéo
51%
8 Soprano
51%
16 Kad Merad
48%
14 Christophe Willem
46%
19 Claire Keim
46%
6 Julien Arruti
42%
21 Lorie Pester
42%
21 Jean-Louis Aubert
41%
1 Michael Goldman
39%
18 Julien Clerc
37%
1 Mentissa
37%
12 Nicolas Canteloup
37%
7 Carla Bruni
35%
7 Kendji Girac
35%
3 Thomas Pesquet
34%
5 Isabelle Nanty
31%
2 Arnaud Ducret
30%
5 Jane Birkin
27%
2 Jérémy Frérot
27%
2 Anne Sila
25%
1 Antoine Dupont
25%
4 Inès Reg
25%
1 Claire Francisci-Ducret
24%
1 Esteban Ocon
24%
1 Sofia Essaïdi
24%
2 Joyce Jonathan
21%
8 Marie-Agnès Gilot
21%
4 Alice Pol
20%
4 Elie Semoun
20%
1 Germain Louvet
8%
Aucun quiz correspondant
Distribution des résultats
% des personnes avec chaque résultat
Percentile par nombre de réponses
Votre historique - résultats
Vous n’avez pas pris ce quiz